00724nam a2200181Ia 4500008004100000020001800041040004600059041000800105100003200113245012900145260007600274300004500350490002300395650003300418650003400451650002300485700003400508130821s2011 ck a gr spa  a9789589976760 cJavier GarzóndAldemar Mondragónbspa00aspa1 aRave Gómez, Elkin Darío10aCasos empresariales Colombianos decisiones gerenciales ante momentos de crisiscElkin Darío, Juan Gonzalo Franco Restrepo aSabaneta (Antioquia, Colombia)bInstitución Universitaria CEIPAc2011 a127 páginasbilustraciones, gráficas0 aSerie I año 2011 aAdministración de empresas 7aPlanificación estratégica 7aToma de decisiones1 aFranco Restrepo, Juan Gonzalo